Switzerland : Selected Background Issues.

This Selected Background Issues paper on Switzerland reviews a few monetary and exchange rate issues, including questions related to the monetary policy framework and the assessment of recent monetary conditions and exchange rate developments. The paper examines the Swiss savings and investment leve...

Ful tanımlama

Detaylı Bibliyografya
Müşterek Yazar: International Monetary Fund
Materyal Türü: Dergi
Dil:English
Baskı/Yayın Bilgisi: Washington, D.C. : International Monetary Fund, 1996.
Seri Bilgileri:IMF Staff Country Reports; Country Report ; No. 1996/032
Online Erişim:Full text available on IMF
LEADER 01657cas a2200241 a 4500
001 AALejournalIMF007705
008 230101c9999 xx r poo 0 0eng d
020 |c 5.00 USD 
020 |z 9781451807226 
022 |a 1934-7685 
040 |a BD-DhAAL  |c BD-DhAAL 
110 2 |a International Monetary Fund. 
245 1 0 |a Switzerland :   |b Selected Background Issues. 
264 1 |a Washington, D.C. :  |b International Monetary Fund,  |c 1996. 
300 |a 1 online resource (67 pages) 
490 1 |a IMF Staff Country Reports 
500 |a <strong>Off-Campus Access:</strong> No User ID or Password Required 
500 |a <strong>On-Campus Access:</strong> No User ID or Password Required 
506 |a Electronic access restricted to authorized BRAC University faculty, staff and students 
520 3 |a This Selected Background Issues paper on Switzerland reviews a few monetary and exchange rate issues, including questions related to the monetary policy framework and the assessment of recent monetary conditions and exchange rate developments. The paper examines the Swiss savings and investment levels from a welfare point of view, employing for this purpose some 'golden rule' criteria of capital accumulation put forward in the academic literature. It finds that, with its unusually high levels of saving, Switzerland may be one of the few advanced industrialized countries that strictly fulfills the 'golden rule' criteria. 
538 |a Mode of access: Internet 
830 0 |a IMF Staff Country Reports; Country Report ;  |v No. 1996/032 
856 4 0 |z Full text available on IMF  |u http://elibrary.imf.org/view/journals/002/1996/032/002.1996.issue-032-en.xml  |z IMF e-Library